[Event "17PCR_F"]
[Site "?"]
[Date "2008.??.??"]
[Round "?"]
[White "Jerabek, Zdenek"]
[Black "Berko, Michal"]
[Result "0-1"]
[WhiteElo "2241"]
[BlackElo "2117"]
[PlyCount "38"]
[EventDate "2008.??.??"]

1. e4 c5 2. Nf3 d6 3. d4 cxd4 4. Nxd4 Nf6 5. Nc3 g6 6. Bb5+ Bd7 7. O-O Bg7 8.
Be3 Bxb5 9. Ndxb5 Nc6 10. Nd5 O-O 11. Nxf6+ Bxf6 12. c3 a6 13. Na3 Bg7 14. f4
Kh8 15. f5 gxf5 16. exf5 Ne5 17. Nc2 Rg8 18. Nb4 Rc8 19. Qh5 Qa5 0-1

[Event "17PCR_F"]
[Site "?"]
[Date "2008.??.??"]
[Round "?"]
[White "Jerabek, Zdenek"]
[Black "Koukal, Vladimir"]
[Result "0-1"]
[WhiteElo "2241"]
[BlackElo "2220"]
[PlyCount "28"]
[EventDate "2008.??.??"]

1. e4 e5 2. Nf3 Nc6 3. d4 exd4 4. Nxd4 Bc5 5. Nxc6 Qf6 6. Qd2 dxc6 7. Bd3 Be6
8. Nc3 O-O-O 9. Qf4 Qxf4 10. Bxf4 h6 11. Ke2 Nf6 12. h3 g5 13. Be5 Be7 14. Na4
Rhe8 0-1

[Event "17PCR_F"]
[Site "?"]
[Date "2008.??.??"]
[Round "?"]
[White "Jerabek, Zdenek"]
[Black "Mezera, Lukas"]
[Result "0-1"]
[WhiteElo "2241"]
[BlackElo "2210"]
[PlyCount "30"]
[EventDate "2008.??.??"]

1. e4 e6 2. d4 d5 3. Nc3 Bb4 4. e5 c5 5. Bd2 Ne7 6. Nb5 Bxd2+ 7. Qxd2 O-O 8.
dxc5 Nd7 9. Qc3 a6 10. Nd6 Qc7 11. f4 Qxc5 12. Qxc5 Nxc5 13. Nf3 b6 14. O-O-O
f6 15. g3 Bd7 {...........bily prestal odpovidat a po urgencich po vice jak
mesici partii vzdal.} 0-1

[Event "17PCR_F"]
[Site "?"]
[Date "2008.??.??"]
[Round "?"]
[White "Jerabek, Zdenek"]
[Black "Mindl, Josef"]
[Result "0-1"]
[WhiteElo "2241"]
[BlackElo "2148"]
[PlyCount "42"]
[EventDate "2008.??.??"]

1. e4 e5 2. Nf3 Nc6 3. d4 exd4 4. Nxd4 Bc5 5. Be3 Qf6 6. c3 Nge7 7. Bc4 Ne5 8.
Be2 Qg6 9. Nb5 Bxe3 10. Nxc7+ Kd8 11. Nxa8 Qxg2 12. Rf1 Bf4 13. Nd2 N7c6 14.
Nf3 Re8 15. Nxe5 Rxe5 16. Bf3 Qg6 17. h4 b6 18. h5 Qg5 19. h6 Bb7 20. Nxb6 axb6
21. hxg7 Qxg7 0-1

[Event "17PCR_F"]
[Site "?"]
[Date "2008.??.??"]
[Round "?"]
[White "Jerabek, Zdenek"]
[Black "Pirhala, Ladislav"]
[Result "0-1"]
[WhiteElo "2241"]
[BlackElo "2102"]
[PlyCount "48"]
[EventDate "2008.??.??"]

1. e4 c6 2. d4 d5 3. e5 Bf5 4. Nf3 e6 5. Be2 Nd7 6. O-O Ne7 7. Nbd2 Bg6 8. Nh4
Nf5 9. Nxg6 hxg6 10. c3 Rc8 11. Nf3 Nh4 12. Ne1 Qc7 13. b4 Be7 14. Bd2 a5 15.
bxa5 Qxa5 16. a4 Qc7 17. a5 Nf5 18. Nd3 b5 19. axb6 Nxb6 20. Ra6 O-O 21. Qa1
Nc4 22. Ra7 Qd8 23. Bf4 g5 24. Bc1 c5 0-1

[Event "17PCR_F"]
[Site "?"]
[Date "2008.??.??"]
[Round "?"]
[White "Jerabek, Zdenek"]
[Black "Svoboda, Frantisek"]
[Result "0-1"]
[WhiteElo "2264"]
[BlackElo "2241"]
[PlyCount "60"]
[EventDate "2008.??.??"]

1. e4 e5 2. Nf3 Nc6 3. Bc4 Bc5 4. d3 Nf6 5. Nc3 h6 6. O-O O-O 7. a3 Bb6 8. Nd5
d6 9. Re1 Nxd5 10. exd5 Nd4 11. c3 Nxf3+ 12. Qxf3 f5 13. a4 a5 14. Be3 Bxe3 15.
Qxe3 f4 16. Qd2 f3 17. d4 exd4 18. Qxd4 fxg2 19. Re3 Bd7 20. b3 Rf6 21. Rd1 Qf8
22. Rg3 Qf7 23. Bb5 Bxb5 24. axb5 Re8 25. Rd2 h5 26. Rd1 Re2 27. Rxg2 Rf4 28.
Qa7 Rfe4 29. Rf1 Re1 30. Qxb7 Qe8 0-1

[Event "17PCR_F"]
[Site "?"]
[Date "2008.??.??"]
[Round "?"]
[White "Koukal, Vladimir"]
[Black "Bednarik, Radovan"]
[Result "1-0"]
[WhiteElo "2220"]
[BlackElo "2112"]
[PlyCount "75"]
[EventDate "2008.??.??"]

1. e4 c5 2. Nf3 e6 3. Nc3 a6 4. d4 cxd4 5. Nxd4 Nc6 6. Be2 Qc7 7. O-O Nf6 8.
Be3 Bb4 9. Na4 O-O 10. Nxc6 dxc6 11. f4 b5 12. Nb6 Rb8 13. e5 Nd5 14. Nxd5 cxd5
15. c3 Bc5 16. Bxc5 Qxc5+ 17. Qd4 Qb6 18. a3 f6 19. Rad1 Qxd4+ 20. cxd4 b4 21.
Rc1 bxa3 22. bxa3 Rb2 23. Rf2 fxe5 24. dxe5 Ra2 25. g3 Rxa3 26. Bg4 h5 27. Bxh5
Bd7 28. Rc7 Be8 29. Bg4 Bf7 30. Rb2 Ra5 31. Rbb7 Rb5 32. Ra7 Rb1+ 33. Kg2 Rb2+
34. Kh3 Rb6 35. Kh4 g6 36. Kg5 d4 37. h4 d3 38. h5 1-0

[Event "17PCR_F"]
[Site "?"]
[Date "2008.??.??"]
[Round "?"]
[White "Koukal, Vladimir"]
[Black "Brichacek, Milan"]
[Result "0-1"]
[WhiteElo "2220"]
[BlackElo "2215"]
[PlyCount "51"]
[EventDate "2008.??.??"]

1. e4 c5 2. Nf3 d6 3. d4 cxd4 4. Nxd4 Nf6 5. Nc3 e5 6. Bb5+ Nbd7 7. Nf5 a6 8.
Bxd7+ Qxd7 9. Ne3 Qc6 10. Qf3 b5 11. Ned5 Nxd5 12. Nxd5 Be6 13. O-O Bxd5 14.
exd5 Qxc2 15. Bg5 f6 16. Bxf6 gxf6 17. a4 Rd8 18. axb5 axb5 19. Rfc1 Qg6 20.
Qb3 Be7 21. Qxb5+ Kf7 22. Ra7 Rhe8 23. g3 Rb8 24. Rb7 Rxb7 25. Qxb7 h5 26. h3
0-1

[Event "17PCR_F"]
[Site "?"]
[Date "2008.??.??"]
[Round "?"]
[White "Koukal, Vladimir"]
[Black "Cvak, Rudolf"]
[Result "1/2-1/2"]
[WhiteElo "2220"]
[BlackElo "2264"]
[PlyCount "125"]
[EventDate "2008.??.??"]

1. e4 c5 2. Nf3 Nc6 3. d4 cxd4 4. Nxd4 Nf6 5. Nc3 e5 6. Ndb5 d6 7. Nd5 Nxd5 8.
exd5 Nb8 9. Bd3 Be7 10. O-O O-O 11. Qh5 f5 12. c4 a6 13. Nc3 e4 14. Be2 Nd7 15.
Bf4 Ne5 16. Rad1 Ng6 17. Bc1 Bd7 18. Qh3 Bf6 19. f4 b5 20. b3 Rb8 21. Kh1 Re8
22. Rd2 bxc4 23. Bxc4 Bb5 24. Nxb5 axb5 25. Be2 Ne7 26. g4 Qa5 27. a3 Rbc8 28.
b4 Qa6 29. Rfd1 g6 30. Qf1 Rb8 31. Rc2 Qb7 32. gxf5 Nxf5 33. Bg4 Qd7 34. Qe2 h5
35. Bxf5 Qxf5 36. Be3 h4 37. Rc7 Re7 38. Rc6 Rd7 39. Ra6 Kg7 40. Ra5 Rc7 41.
Ra6 Rd7 42. Rg1 Kf7 43. Rd1 h3 44. a4 bxa4 45. b5 Rc7 46. Rxd6 Rcb7 47. Rb1 Qh5
48. Qxh5 gxh5 49. Ra6 Rxb5 50. Ra7+ Kf8 51. Rg1 a3 52. f5 R8b7 53. Rxa3 Rxd5
54. Ra4 Rxf5 55. Rxe4 Kf7 56. Re1 Rd7 57. Bg1 Rf3 58. R4e3 Rd3 59. Rxd3 Rxd3
60. Re3 Rxe3 61. Bxe3 Be5 62. Bd4 Bb8 63. Ba7 1/2-1/2

[Event "17PCR_F"]
[Site "?"]
[Date "2008.??.??"]
[Round "?"]
[White "Koukal, Vladimir"]
[Black "Glaser, Karel"]
[Result "1/2-1/2"]
[WhiteElo "2220"]
[BlackElo "2161"]
[PlyCount "76"]
[EventDate "2008.??.??"]

1. e4 e5 2. Nf3 Nc6 3. Bb5 a6 4. Ba4 Nf6 5. O-O Be7 6. Nc3 b5 7. Bb3 d6 8. Nd5
Na5 9. Nxe7 Qxe7 10. d3 O-O 11. Qe2 c5 12. Bd2 Nxb3 13. axb3 Nd7 14. Bg5 f6 15.
Be3 f5 16. Bg5 Qe8 17. Bd2 Nf6 18. Nh4 fxe4 19. dxe4 Bb7 20. f3 d5 21. Be3 Qh5
22. Qe1 dxe4 23. Bxc5 Rfe8 24. b4 Rac8 25. fxe4 Nxe4 26. Nf5 Rc7 27. Rd1 Rf7
28. Ne3 h6 29. Rxf7 Qxf7 30. Qe2 Rc8 31. Ba7 Ng5 32. Bc5 Ne6 33. Rd6 Nf4 34.
Qg4 h5 35. Qd7 Ne2+ 36. Kh1 Rf8 37. Qxf7+ Rxf7 38. h3 h4 1/2-1/2

[Event "17PCR_F"]
[Site "?"]
[Date "2008.??.??"]
[Round "?"]
[White "Koukal, Vladimir"]
[Black "Kyhos, Alois"]
[Result "1/2-1/2"]
[WhiteElo "2220"]
[BlackElo "2121"]
[PlyCount "53"]
[EventDate "2008.??.??"]

1. e4 e5 2. Nf3 Nc6 3. Bb5 a6 4. Ba4 Nf6 5. O-O Nxe4 6. d4 b5 7. Bb3 d5 8. Nxe5
Nxe5 9. dxe5 c6 10. Nd2 Nc5 11. Nf3 Be7 12. c3 Bg4 13. Bc2 O-O 14. Be3 f6 15.
exf6 Rxf6 16. Bxh7+ Kh8 17. Bc2 Bxf3 18. gxf3 Qd7 19. b4 Qh3 20. bxc5 Bd8 21.
Re1 Bc7 22. f4 Rh6 23. Qd3 Qg4+ 24. Kh1 Qf3+ 25. Kg1 Qg4+ 26. Kh1 Qf3+ 27. Kg1
1/2-1/2

[Event "17PCR_F"]
[Site "?"]
[Date "2008.??.??"]
[Round "?"]
[White "Koukal, Vladimir"]
[Black "Portych, Vaclav"]
[Result "1-0"]
[WhiteElo "2220"]
[BlackElo "2187"]
[PlyCount "105"]
[EventDate "2008.??.??"]

1. e4 c5 2. Nf3 Nc6 3. d4 cxd4 4. Nxd4 Nf6 5. Nc3 e5 6. Ndb5 d6 7. Nd5 Nxd5 8.
exd5 Nb8 9. Bd3 Nd7 10. O-O Be7 11. Qg4 g6 12. Bh6 Nc5 13. Qg3 Nxd3 14. Qxd3 a6
15. Na3 Bf5 16. Qg3 Rc8 17. c4 Qb6 18. Qc3 f6 19. Rae1 Kf7 20. Be3 Qc7 21. f4
Rhe8 22. Qb3 Kg7 23. Rf2 Bd8 24. Ref1 e4 25. h3 h5 26. Rc1 h4 27. Qc3 Bd7 28.
b4 b6 29. Qb2 Qb7 30. b5 a5 31. Bd4 Kf7 32. f5 Bxf5 33. Rf4 Qd7 34. Rcf1 Kg8
35. Qe2 e3 36. Rxh4 Qf7 37. Rxf5 gxf5 38. Bxe3 Rc7 39. Qf3 Kg7 40. Nc2 Re4 41.
Rxe4 fxe4 42. Qxe4 Re7 43. Qf3 Qg6 44. Nd4 Re4 45. Kh2 Kf8 46. Nf5 Rxc4 47.
Bh6+ Kg8 48. Qd3 Kh8 49. Qxc4 Qxf5 50. Bf4 Bc7 51. a4 Kg8 52. g4 Qh7 53. Qe2
1-0

[Event "17PCR_F"]
[Site "?"]
[Date "2008.??.??"]
[Round "?"]
[White "Kyhos, Alois"]
[Black "Berko, Michal"]
[Result "1/2-1/2"]
[WhiteElo "2121"]
[BlackElo "2117"]
[PlyCount "57"]
[EventDate "2008.??.??"]

1. e4 e5 2. Nf3 Nf6 3. d4 exd4 4. e5 Ne4 5. Qxd4 d5 6. exd6 Nxd6 7. Bd3 Nc6 8.
Qf4 a6 9. O-O Be6 10. Ng5 Qd7 11. Nxe6 Qxe6 12. Bd2 O-O-O 13. Re1 Qd7 14. Nc3
h6 15. Nd5 Kb8 16. Nb4 Nxb4 17. Qxb4 Nc8 18. Qc3 f6 19. a4 Nb6 20. Qb3 Qd5 21.
Qxd5 Nxd5 22. Rad1 g5 23. c3 Bd6 24. Be4 Be5 25. g3 Rhe8 26. Bb1 b5 27. axb5
axb5 28. Bg6 Rg8 29. Bh7 1/2-1/2

[Event "17PCR_F"]
[Site "?"]
[Date "2008.??.??"]
[Round "?"]
[White "Kyhos, Alois"]
[Black "Brichacek, Milan"]
[Result "1/2-1/2"]
[WhiteElo "2121"]
[BlackElo "2215"]
[PlyCount "58"]
[EventDate "2008.??.??"]

1. e4 c5 2. c3 Nf6 3. e5 Nd5 4. d4 cxd4 5. Nf3 Nc6 6. Bc4 Nb6 7. Bb3 d5 8. exd6
Qxd6 9. Na3 dxc3 10. Qxd6 exd6 11. Nb5 Rb8 12. bxc3 Be7 13. Bf4 O-O 14. O-O-O
Be6 15. Bxd6 Bxd6 16. Nxd6 Na5 17. Nd4 Bc4 18. Kc2 Rfd8 19. N4f5 Be6 20. Ne3
Nxb3 21. axb3 h6 22. Rd4 Nc8 23. Nb5 Ne7 24. Rhd1 Rxd4 25. Rxd4 Nf5 26. Nxf5
Bxf5+ 27. Kb2 a5 28. f3 Kf8 29. Rd6 Ke7 1/2-1/2

[Event "17PCR_F"]
[Site "?"]
[Date "2008.??.??"]
[Round "?"]
[White "Kyhos, Alois"]
[Black "Glaser, Karel"]
[Result "1/2-1/2"]
[WhiteElo "2121"]
[BlackElo "2161"]
[PlyCount "60"]
[EventDate "2008.??.??"]

1. e4 e5 2. Nf3 Nc6 3. d4 exd4 4. Nxd4 Bc5 5. Be3 Qf6 6. c3 Nge7 7. g3 h5 8. h3
h4 9. g4 Ng6 10. Qd2 Nge5 11. Be2 Nxd4 12. cxd4 Nf3+ 13. Bxf3 Qxf3 14. Rh2 Be7
15. Nc3 Bb4 16. Kf1 Bxc3 17. Qxc3 Qxe4 18. Qxc7 O-O 19. Qf4 Qd3+ 20. Kg1 b6 21.
f3 Re8 22. Re1 Bb7 23. Rd2 Qb5 24. Bf2 Qd5 25. Re5 Qxf3 26. Qxf3 Bxf3 27. Bxh4
d5 28. Rxe8+ Rxe8 29. Rc2 Re4 30. Bf2 Re7 1/2-1/2

[Event "17PCR_F"]
[Site "?"]
[Date "2008.??.??"]
[Round "?"]
[White "Kyhos, Alois"]
[Black "Pirhala, Ladislav"]
[Result "0-1"]
[WhiteElo "2121"]
[BlackElo "2102"]
[PlyCount "82"]
[EventDate "2008.??.??"]

1. e4 c6 2. d4 d5 3. exd5 cxd5 4. c4 Nf6 5. Nc3 e6 6. Nf3 Be7 7. c5 b6 8. b4
O-O 9. Bd3 a5 10. Na4 Nbd7 11. a3 axb4 12. axb4 bxc5 13. bxc5 e5 14. Nxe5 Nxe5
15. dxe5 Ne4 16. O-O Nxc5 17. Bc2 d4 18. Qf3 Ba6 19. Rd1 Bb5 20. Nxc5 Rxa1 21.
Nb3 Ra4 22. Qb7 Qc8 23. Bxh7+ Kxh7 24. Qxb5 Qc2 25. Qd3+ Qxd3 26. Rxd3 Rb8 27.
Kf1 Ra2 28. Ke1 Rb5 29. Bd2 Rxe5+ 30. Kd1 Ra3 31. Rh3+ Kg8 32. Nxd4 Rxh3 33.
gxh3 Rh5 34. Ke2 Rxh3 35. Bf4 Rh4 36. Kf3 g5 37. Be3 Rxh2 38. Nc6 Bf6 39. Kg3
Rh1 40. Kg4 Kg7 41. f4 Re1 0-1

[Event "17PCR_F"]
[Site "?"]
[Date "2008.??.??"]
[Round "?"]
[White "Kyhos, Alois"]
[Black "Portych, Vaclav"]
[Result "1/2-1/2"]
[WhiteElo "2121"]
[BlackElo "2187"]
[PlyCount "51"]
[EventDate "2008.??.??"]

1. e4 c5 2. c3 Nf6 3. e5 Nd5 4. d4 cxd4 5. Nf3 Nc6 6. Bc4 Nb6 7. Bb3 d5 8. exd6
Qxd6 9. O-O Be6 10. Na3 dxc3 11. Qe2 Bxb3 12. Nb5 Qb8 13. axb3 e5 14. Nbd4 Nxd4
15. Nxd4 f6 16. bxc3 Kf7 17. Nb5 a6 18. Be3 axb5 19. Bxb6 Rxa1 20. Rxa1 Qe8 21.
Ra5 b4 22. c4 Qc6 23. Rb5 Bd6 24. Ba5 Ra8 25. h3 e4 26. Qe1 1/2-1/2

[Event "17PCR_F"]
[Site "?"]
[Date "2008.??.??"]
[Round "?"]
[White "Mezera, Lukas"]
[Black "Bednarik, Radovan"]
[Result "1-0"]
[WhiteElo "2210"]
[BlackElo "2112"]
[PlyCount "70"]
[EventDate "2008.??.??"]

1. e4 c5 2. d4 cxd4 3. c3 dxc3 4. Nxc3 Nc6 5. Nf3 d6 6. Bc4 e6 7. O-O Nf6 8.
Qe2 Be7 9. Rd1 Bd7 10. Bg5 O-O 11. Bxf6 gxf6 12. Nb5 Qb8 13. Rd3 Nb4 14. Rb3
Kh8 15. Rxb4 d5 16. Rb3 dxc4 17. Qxc4 Rg8 18. g3 a6 19. Nbd4 b6 20. Qe2 Bc5 21.
Rc3 Qf4 22. a3 e5 23. Nb3 Bb5 24. Qc2 Be7 25. h3 Qh6 26. Kh2 Bd7 27. Nh4 Rac8
28. Rc1 Rxc3 29. Qxc3 Be6 30. Nf5 Bxf5 31. exf5 Qh5 32. Qd3 Rd8 33. Qe4 Rd7 34.
g4 Qh6 35. Rc6 Bd8 {....PCL cerneho na 35 tahu spotreboval 171 dnu} 1-0

[Event "17PCR_F"]
[Site "?"]
[Date "2008.??.??"]
[Round "?"]
[White "Mezera, Lukas"]
[Black "Cvak, Rudolf"]
[Result "1/2-1/2"]
[WhiteElo "2210"]
[BlackElo "2264"]
[PlyCount "72"]
[EventDate "2008.??.??"]

1. d4 Nf6 2. c4 g6 3. Nc3 Bg7 4. e4 d6 5. Nf3 O-O 6. Be2 e5 7. O-O exd4 8. Nxd4
Re8 9. f3 Nc6 10. Be3 Nh5 11. Qd2 Nxd4 12. Bxd4 Bxd4+ 13. Qxd4 Nf4 14. Rfd1 Qg5
15. Bf1 Ne6 16. Qf2 f5 17. exf5 Qxf5 18. Bd3 Qf7 19. Be4 Nc5 20. Qd4 a5 21. Bd5
Be6 22. Re1 c6 23. Bxe6 Rxe6 24. Rxe6 Qxe6 25. Rd1 Rd8 26. Kf1 Qf5 27. Rd2 Kf7
28. Re2 g5 29. a3 h6 30. Ne4 Nxe4 31. Rxe4 Re8 32. Rxe8 Kxe8 33. Qxd6 Qb1+ 34.
Kf2 Qxb2+ 35. Kg3 Kf7 36. Qd7+ Kf6 1/2-1/2

[Event "17PCR_F"]
[Site "?"]
[Date "2008.??.??"]
[Round "?"]
[White "Mezera, Lukas"]
[Black "Glaser, Karel"]
[Result "1/2-1/2"]
[WhiteElo "2210"]
[BlackElo "2161"]
[PlyCount "57"]
[EventDate "2008.??.??"]

1. d4 d5 2. Nf3 e6 3. c4 Nf6 4. Nc3 c6 5. Bg5 h6 6. Bh4 dxc4 7. e4 g5 8. Bg3 b5
9. Be2 Bb7 10. Ne5 Bg7 11. h4 Nbd7 12. Qc2 Qe7 13. O-O-O O-O-O 14. Kb1 Nxe5 15.
Bxe5 Ne8 16. hxg5 Bxe5 17. dxe5 Rxd1+ 18. Qxd1 Qxg5 19. Qd4 Nc7 20. Qxa7 Qxe5
21. Rd1 Rg8 22. g4 f5 23. gxf5 exf5 24. Bf1 Ne6 25. Bh3 Qc5 26. Qxc5 Nxc5 27.
Bxf5+ Kc7 28. Rh1 Nd3 29. Rxh6 1/2-1/2

[Event "17PCR_F"]
[Site "?"]
[Date "2008.??.??"]
[Round "?"]
[White "Mezera, Lukas"]
[Black "Koukal, Vladimir"]
[Result "0-1"]
[WhiteElo "2210"]
[BlackElo "2220"]
[PlyCount "66"]
[EventDate "2008.??.??"]

1. Nf3 d5 2. d4 Nf6 3. c4 e6 4. Nc3 Bb4 5. cxd5 exd5 6. Bg5 h6 7. Bh4 c6 8. e3
Qa5 9. Qb3 Ne4 10. Rc1 O-O 11. a3 Bxc3+ 12. bxc3 Bf5 13. Be2 Nd7 14. Qb4 Qxb4
15. cxb4 a5 16. Bg3 axb4 17. axb4 Ra2 18. b5 cxb5 19. Bxb5 Ndf6 20. Nh4 Nxg3
21. hxg3 Be4 22. f3 Bh7 23. g4 Rb2 24. Be2 Ra8 25. g3 g5 26. Nf5 h5 27. Bd1
Bxf5 28. gxf5 Raa2 29. Rf1 b5 30. Rc3 Rg2 31. Rb3 h4 32. gxh4 gxh4 33. e4 h3
0-1

[Event "17PCR_F"]
[Site "?"]
[Date "2008.??.??"]
[Round "?"]
[White "Mezera, Lukas"]
[Black "Portych, Vaclav"]
[Result "1-0"]
[WhiteElo "2210"]
[BlackElo "2187"]
[PlyCount "79"]
[EventDate "2008.??.??"]

1. Nf3 d5 2. d4 Nf6 3. c4 e6 4. Nc3 c6 5. Bg5 h6 6. Bh4 dxc4 7. e4 g5 8. Bg3 b5
9. Be2 Bb7 10. Ne5 Nbd7 11. Qc2 Bg7 12. Rd1 Qb6 13. h4 Nxe5 14. Bxe5 Qa5 15.
O-O gxh4 16. f4 O-O-O 17. f5 Ne8 18. f6 Bf8 19. Bh5 Rd7 20. Bg4 h5 21. Bh3 b4
22. Na4 Ba6 23. Bxe6 fxe6 24. f7 Ng7 25. Rf2 Qd8 26. Bf6 Qa5 27. Be5 Rd8 28.
Nc5 Rh6 29. Qd2 Rg6 30. a3 c3 31. Qc2 bxa3 32. b4 Qb6 33. Qxc3 Rg5 34. Ra1 Rxe5
35. dxe5 Kb8 36. Qxa3 Bc8 37. Kh1 Rd4 38. Rc2 Rxb4 39. Nd3 c5 40. Nxb4 1-0

[Event "17PCR_F"]
[Site "?"]
[Date "2008.??.??"]
[Round "?"]
[White "Mindl, Josef"]
[Black "Bednarik, Radovan"]
[Result "1-0"]
[WhiteElo "2148"]
[BlackElo "2112"]
[PlyCount "71"]
[EventDate "2008.??.??"]

1. e4 c5 2. Nf3 e6 3. d4 cxd4 4. Nxd4 a6 5. Nc3 Qc7 6. Bd3 Nf6 7. O-O Nc6 8.
Be3 Be7 9. Kh1 O-O 10. f4 d6 11. Qf3 Nb4 12. Be2 e5 13. fxe5 dxe5 14. Qg3 Qd6
15. Nb3 Nxc2 16. Rad1 Qe6 17. Bg5 Kh8 18. Bxf6 Bxf6 19. Nd5 Bd8 20. Qd3 Nd4 21.
Nxd4 exd4 22. Qxd4 b5 23. Rd3 Qh6 24. Ra3 Bb7 25. Rh3 Qc6 26. Bg4 Qc4 27. Qd1
h6 28. Bf5 b4 29. b3 Qc5 30. Qd2 Qc6 31. Rc1 Qd6 32. e5 Qxe5 33. Rxh6+ Kg8 34.
Bh7+ Kh8 35. Bg6+ Kg8 36. Rh5 1-0

[Event "17PCR_F"]
[Site "?"]
[Date "2008.??.??"]
[Round "?"]
[White "Mindl, Josef"]
[Black "Cvak, Rudolf"]
[Result "1/2-1/2"]
[WhiteElo "2148"]
[BlackElo "2264"]
[PlyCount "66"]
[EventDate "2008.??.??"]

1. e4 e5 2. Nf3 Nf6 3. Nxe5 d6 4. Nf3 Nxe4 5. d4 d5 6. Bd3 Nc6 7. O-O Be7 8. c4
Nb4 9. Be2 O-O 10. Nc3 Be6 11. Ne5 f6 12. Nf3 f5 13. a3 Nc6 14. Nxd5 Bxd5 15.
cxd5 Qxd5 16. Bf4 Bf6 17. Qa4 Kh8 18. Rad1 Nd6 19. Bxd6 Qxd6 20. Bb5 Ne7 21.
Rfe1 c6 22. Bd3 g6 23. Qb3 Qc7 24. Bc4 Rae8 25. Ne5 Nc8 26. f4 Re7 27. g3 Nb6
28. Be2 Rd8 29. Kg2 Nd5 30. Bc4 Kg7 31. h3 a5 32. Qc2 Qb6 33. Rd2 Qc7 1/2-1/2

[Event "17PCR_F"]
[Site "?"]
[Date "2008.??.??"]
[Round "?"]
[White "Mindl, Josef"]
[Black "Koukal, Vladimir"]
[Result "1-0"]
[WhiteElo "2148"]
[BlackElo "2220"]
[PlyCount "88"]
[EventDate "2008.??.??"]

1. e4 e5 2. Nf3 Nc6 3. Bb5 a6 4. Ba4 Nf6 5. O-O Be7 6. Re1 d6 7. c3 O-O 8. h3
Be6 9. d4 exd4 10. cxd4 d5 11. e5 Ne4 12. Nbd2 Bf5 13. Bc2 Nxd2 14. Bxd2 Bxc2
15. Qxc2 a5 16. Rac1 Ra6 17. Re3 Qd7 18. Rb3 Ra7 19. Bg5 a4 20. Rb5 f6 21. exf6
gxf6 22. Bh6 Rf7 23. b3 a3 24. b4 Bd6 25. Qb3 Ne7 26. Ra5 Rxa5 27. bxa5 c6 28.
Bd2 Rg7 29. Kf1 Nf5 30. a6 bxa6 31. Qb6 Ne7 32. Qxa6 Kh8 33. Qd3 Ng6 34. Qc2
Ne7 35. Nh4 Rg8 36. Qd3 Rb8 37. Qf3 Ng8 38. Bc3 Bf8 39. Re1 Qb7 40. g4 Qa6+ 41.
Kg2 Qc4 42. Re2 Ra8 43. Nf5 Nh6 44. Nxh6 Bxh6 1-0

[Event "17PCR_F"]
[Site "?"]
[Date "2008.??.??"]
[Round "?"]
[White "Mindl, Josef"]
[Black "Kyhos, Alois"]
[Result "1/2-1/2"]
[WhiteElo "2148"]
[BlackElo "2121"]
[PlyCount "47"]
[EventDate "2008.??.??"]

1. e4 e5 2. Nf3 Nc6 3. Bb5 a6 4. Ba4 Nf6 5. O-O Nxe4 6. d4 b5 7. Bb3 d5 8. dxe5
Be6 9. Nbd2 Nc5 10. c3 d4 11. Bxe6 Nxe6 12. cxd4 Ncxd4 13. a4 Be7 14. Nxd4 Nxd4
15. Nf3 Nxf3+ 16. Qxf3 O-O 17. Rd1 Qb8 18. h3 c5 19. Qe4 Qc8 20. Bf4 Re8 21.
axb5 axb5 22. e6 f6 23. Rxa8 Qxa8 24. Qxa8 1/2-1/2

[Event "17PCR_F"]
[Site "?"]
[Date "2008.??.??"]
[Round "?"]
[White "Mindl, Josef"]
[Black "Mezera, Lukas"]
[Result "1-0"]
[WhiteElo "2148"]
[BlackElo "2210"]
[PlyCount "159"]
[EventDate "2008.??.??"]

1. e4 e6 2. d4 d5 3. Nc3 Bb4 4. e5 c5 5. a3 Bxc3+ 6. bxc3 Qc7 7. Nf3 Ne7 8. a4
b6 9. Bb5+ Bd7 10. Bd3 Nbc6 11. O-O h6 12. Re1 O-O 13. Ba3 Na5 14. dxc5 bxc5
15. Qd2 Rab8 16. Qf4 Rb6 17. h4 Rfb8 18. h5 Bc8 19. Qe3 c4 20. Bd6 Rxd6 21.
exd6 Qxd6 22. Be2 Nf5 23. Qd2 Bd7 24. Reb1 Rxb1+ 25. Rxb1 e5 26. Nh2 Be6 27.
Bg4 Nc6 28. Nf1 Nfe7 29. Bxe6 Qxe6 30. Qe2 f6 31. Rb5 f5 32. Ne3 f4 33. Qg4 Kf7
34. Qxe6+ Kxe6 35. Nf1 g6 36. hxg6 Nxg6 37. Rb7 Nge7 38. g3 fxg3 39. Nxg3 d4
40. Rb5 dxc3 41. Rc5 Nd4 42. Rxc4 Nd5 43. Ne4 Nb6 44. Rc7 Nxa4 45. Rxa7 Kd5 46.
Nf6+ Ke6 47. Ra6+ Kf5 48. Nd5 Nc5 49. Ne3+ Kg5 50. Ra5 Nde6 51. Nd1 Kf5 52.
Nxc3 h5 53. Kg2 Nb7 54. Ra8 Nf4+ 55. Kf3 Nc5 56. Nb5 Nce6 57. Nd6+ Kf6 58. c4
Ng5+ 59. Kg3 Ke6 60. Ra6 Kd7 61. c5 Nd3 62. Nc4 Ne4+ 63. Kf3 Nexc5 64. Rh6 h4
65. Ke3 Ke7 66. Rxh4 Nf4 67. Kf3 Ng6 68. Rh6 Kf7 69. Kg4 Kg7 70. Rh1 Kf6 71.
Nd2 Ke6 72. Rh6 Kf7 73. f3 Kg7 74. Rh5 Ne6 75. Nc4 Nef4 76. Rf5 Nd3 77. Kg5 Ne7
78. Rf6 Nf2 79. Ra6 e4 80. Ra2 1-0

[Event "17PCR_F"]
[Site "?"]
[Date "2008.??.??"]
[Round "?"]
[White "Mindl, Josef"]
[Black "Svoboda, Frantisek"]
[Result "1/2-1/2"]
[WhiteElo "2148"]
[BlackElo "2176"]
[PlyCount "94"]
[EventDate "2008.??.??"]

1. d4 Nf6 2. c4 e6 3. Nc3 Bb4 4. e3 b6 5. Nge2 Bb7 6. a3 Bd6 7. Ng3 h5 8. f3 h4
9. Nge4 Nxe4 10. Nxe4 Be7 11. Bd2 h3 12. g3 d5 13. Nf2 c5 14. dxc5 dxc4 15.
Bxc4 Bxc5 16. b4 Be7 17. Rc1 a5 18. O-O O-O 19. Nxh3 Nc6 20. Nf4 axb4 21. axb4
Nxb4 22. Qe2 Ra3 23. Rfd1 Nd5 24. e4 Bc5+ 25. Kh1 Nxf4 26. Bxf4 Qf6 27. Rd3 g5
28. Be3 Rfa8 29. Bxc5 bxc5 30. Rb1 Ra1 31. Rdd1 Rxb1 32. Rxb1 Bc6 33. Qe3 g4
34. fxg4 Qd4 35. Qxd4 cxd4 36. Bd3 Ra3 37. Rb6 Ba8 38. Kg2 Rxd3 39. Rb8+ Kg7
40. Rxa8 Rd2+ 41. Kf3 Rxh2 42. Rd8 Rd2 43. g5 Kg6 44. Rg8+ Kh7 45. Rf8 Rd3+ 46.
Kf4 Kg7 47. Rd8 Rd1 1/2-1/2

[Event "17PCR_F"]
[Site "?"]
[Date "2008.??.??"]
[Round "?"]
[White "Pirhala, Ladislav"]
[Black "Berko, Michal"]
[Result "1-0"]
[WhiteElo "2102"]
[BlackElo "2117"]
[PlyCount "47"]
[EventDate "2008.??.??"]

1. e4 e5 2. Nf3 Nc6 3. Bb5 Nf6 4. Nc3 Bc5 5. O-O O-O 6. Nxe5 Nxe5 7. d4 Bd6 8.
f4 Neg4 9. e5 Bb4 10. Qf3 d5 11. h3 c6 12. Bd3 Nh6 13. exf6 Qxf6 14. g4 Qh4 15.
f5 Bd6 16. Ne2 Re8 17. Nf4 Qd8 18. Kh1 Bf8 19. Be3 Kh8 20. Rae1 a6 21. Qf2 Be7
22. f6 Bxf6 23. Nh5 Ng8 24. g5 1-0

[Event "17PCR_F"]
[Site "?"]
[Date "2008.??.??"]
[Round "?"]
[White "Pirhala, Ladislav"]
[Black "Cvak, Rudolf"]
[Result "1/2-1/2"]
[WhiteElo "2102"]
[BlackElo "2264"]
[PlyCount "98"]
[EventDate "2008.??.??"]

1. e4 c5 2. Nf3 Nc6 3. d4 cxd4 4. Nxd4 Nf6 5. Nc3 e5 6. Ndb5 d6 7. Nd5 Nxd5 8.
exd5 Nb8 9. Bd3 Be7 10. Qh5 a6 11. Nc3 Nd7 12. O-O Nc5 13. f4 Nxd3 14. cxd3
exf4 15. Bxf4 O-O 16. Rae1 Bd7 17. Kh1 f5 18. Qf3 Rc8 19. Re2 b5 20. a3 Re8 21.
Ree1 a5 22. Qg3 b4 23. axb4 axb4 24. Nd1 Bh4 25. Rxe8+ Bxe8 26. Qf3 g6 27. Bd2
Bf7 28. Bxb4 Bf6 29. h3 Qb6 30. Bc3 Be5 31. Ne3 Qb7 32. Qf2 Bxd5 33. d4 Bg7 34.
Nxd5 Qxd5 35. Ra1 Re8 36. Ra6 Bh6 37. Qh4 Qc4 38. Ra1 Be3 39. Qf6 d5 40. Qd6
Qb5 41. Re1 Qb7 42. Ra1 Kg7 43. Ra5 Qb3 44. Ra1 Qb5 45. Re1 Bg5 46. Kh2 Kh6 47.
Rxe8 Qxe8 48. h4 Bxh4 49. Bd2+ Kg7 1/2-1/2

[Event "17PCR_F"]
[Site "?"]
[Date "2008.??.??"]
[Round "?"]
[White "Pirhala, Ladislav"]
[Black "Koukal, Vladimir"]
[Result "1/2-1/2"]
[WhiteElo "2102"]
[BlackElo "2220"]
[PlyCount "83"]
[EventDate "2008.??.??"]

1. e4 e5 2. Nf3 Nc6 3. Bb5 a6 4. Ba4 Nf6 5. O-O Be7 6. Re1 d6 7. c3 O-O 8. d4
Bd7 9. a3 Re8 10. d5 Nb8 11. Bxd7 Nbxd7 12. c4 c6 13. Nc3 Rc8 14. Nd2 cxd5 15.
cxd5 h5 16. h3 Nc5 17. Nf1 h4 18. b4 Ncd7 19. Qd3 Nb6 20. Rb1 Nfd7 21. Nd1 Bg5
22. Nde3 Nf6 23. Nf5 Bxc1 24. Rexc1 Rxc1 25. Rxc1 Nh5 26. Qe3 g6 27. Qh6 Qf6
28. N1e3 Rc8 29. Ng4 Rxc1+ 30. Qxc1 Qd8 31. Nfe3 Qc8 32. Qd2 Nc4 33. Nxc4 Qxc4
34. Qg5 Qxe4 35. Qd8+ Kh7 36. Qxd6 Qe1+ 37. Kh2 Ng3 38. Nf6+ Kg7 39. Ne8+ Kh7
40. Nf6+ Kg7 41. Ne8+ Kh7 42. Nf6+ 1/2-1/2